| 000 | 00609nam a2200241Ia 4500 | ||
|---|---|---|---|
| 003 | OSt | ||
| 005 | 20220918192746.0 | ||
| 006 | a|||||r|||| 00| 0 | ||
| 007 | ta | ||
| 008 | 220917b |||||||| |||| 00| 0 eng d | ||
| 024 | _a70,119 | ||
| 037 | _cTextual | ||
| 040 |
_aARTS _cARTS _beng |
||
| 041 |
_2eng _aeng |
||
| 082 | _aR321, L3 | ||
| 100 |
_aMark Max _980071 |
||
| 245 | 0 | _aModern ideologies | |
| 260 |
_aNew York _bMartin's Press _c1973 |
||
| 300 |
_a250p. _ccm. |
||
| 500 | _aBib 236-42p; glossary 243-48p | ||
| 942 |
_hR321, L3 _cTEXL _2CC |
||
| 999 |
_c196219 _d196219 |
||